Water analysis handbook
This handbook is the result of 43 years of research in the field of water analysis. It is compilation of commonly accepted procedures yet modified whenever possible to simplify them for ease of use,...
保存先:
| フォーマット: | 図書 |
|---|---|
| 言語: | Undetermined |
| 出版事項: |
U.S.A
Hach Company
1989
|
| 主題: | |
| タグ: |
タグ追加
タグなし, このレコードへの初めてのタグを付けませんか!
|
| Thư viện lưu trữ: | Trung tâm Học liệu Trường Đại học Cần Thơ |
|---|
| LEADER | 00653nam a2200181Ia 4500 | ||
|---|---|---|---|
| 001 | CTU_160148 | ||
| 008 | 210402s9999 xx 000 0 und d | ||
| 082 | |a 628.16 | ||
| 082 | |b W325 | ||
| 245 | 0 | |a Water analysis handbook | |
| 260 | |a U.S.A | ||
| 260 | |b Hach Company | ||
| 260 | |c 1989 | ||
| 520 | |a This handbook is the result of 43 years of research in the field of water analysis. It is compilation of commonly accepted procedures yet modified whenever possible to simplify them for ease of use,... | ||
| 650 | |a Water,Nước | ||
| 650 | |x Analysis,Phân tích | ||
| 904 | |i Năm | ||
| 980 | |a Trung tâm Học liệu Trường Đại học Cần Thơ | ||